书目信息 |
| 题名: |
文字的产生和发展
|
|
| 作者: | 伊斯特林 著 ;左少兴 译 | |
| 分册: | ||
| 出版信息: | 北京 北京大学出版社 1987 |
|
| 页数: | 580页 | |
| 开本: | 20cm | |
| 丛书名: | ||
| 单 册: | ||
| 中图分类: | H02 | |
| 科图分类: | ||
| 主题词: | 文字学 | |
| 电子资源: | ||
| ISBN: | 7-301-00864-3 | |
| 000 | 00677nam0 2200229 45 | |
| 001 | 0187003690 | |
| 005 | 20070719154008.51 | |
| 010 | @a7-301-00864-3@dCNY7.90 | |
| 100 | @a19900808d1987 emky0chiy0121 ea | |
| 101 | 1 | @achi@crus |
| 102 | @aCN@b110000 | |
| 105 | @ay z 000yy | |
| 200 | 10 | @a文字的产生和发展@Awen zi de chan sheng he fa zhan@f(苏)B·A·伊斯特林著@F(Su)B·A·Yi Si Te Lin Zhu@g左少兴译 |
| 210 | @a北京@c北京大学出版社@d1987 | |
| 215 | @a580页@d20cm | |
| 606 | @a文字学 | |
| 690 | @aH02@v3 | |
| 701 | 0 | @a伊斯特林@4著 |
| 702 | 0 | @a左少兴@Azuo shao xing@4译 |
| 801 | 2 | @aCN@bNLC@c20070719 |
| 801 | 0 | @aCN@b深圳图书馆@c20040424 |
| 905 | @dH02@e22@f1@b249707 | |
| 文字的产生和发展/(苏)B·A·伊斯特林著/左少兴译.-北京:北京大学出版社,1987 |
| 580页;20cm |
| ISBN 7-301-00864-3:CNY7.90 |
| ● |
| 相关链接 |
|
|
|
|
正题名:文字的产生和发展
索取号:H02/22
 
预约/预借
| 序号 | 登录号 | 条形码 | 馆藏地/架位号 | 状态 | 备注 |
| 1 | 0204794 | 000819680 | 密集书库/ [索取号:H02/22] | 在馆 | |
| 2 | 0249706 | 000819662 | 密集书库/ [索取号:H02/22] | 在馆 | |
| 3 | 0249707 | 002025962 | 密集书库/ [索取号:H02/22] | 在馆 | |
| 4 | 0249708 | 000819671 | 第四借阅区/ [索取号:H02/22] | 在馆 | |
| 5 | 0769537 | 207695378 | 密集书库/ [索取号:H02/22] | 在馆 |